00297nam a2200109Ia 4500008004100000041000800041082001400049100001400063245004500077260003500122300003000157240624s9999 xx 000 0 und d aeng a658.5 MOO aMOORE RON aMAKING COMMON SENSE COMMON PRACTICE MODE c2000aNew DelhibPrentice-Hall axx, : 356 : p. : cm. ; 25